Random Country By Capital City - Statistics

General Stats
  • This quiz has been taken 79 times
    52 since last reset
  • The average score is 9 of 10
Answer Stats
Capital Country % Correct
Buenos Aires Argentina
100%
Minsk Belarus
100%
Brussels Belgium
100%
Zagreb Croatia
100%
Berlin Germany
100%
Tehran Iran
100%
Dublin Ireland
100%
Tokyo Japan
100%
Pristina Kosovo
100%
Riga Latvia
100%
Niamey Niger
100%
Skopje North Macedonia
100%
Manila Philippines
100%
Riyadh Saudi Arabia
100%
Sri Jayawardenepura Kotte (SJK) Sri Lanka
100%
Khartoum Sudan
100%
Taipei Taiwan
100%
Ankara Turkey
100%
Kiev Ukraine
100%
Santo Domingo Dominican Republic
83%
Dhaka Bangladesh
80%
Tripoli Libya
80%
Kathmandu Nepal
80%
Lilongwe Malawi
75%
Dakar Senegal
75%
Harare Zimbabwe
75%
Nuku'alofa Tonga
67%
Tbilisi Georgia
60%
Bishkek Kyrgyzstan
33%
Georgetown Guyana
25%
No matching quizzes found
Score Distribution
Percent of People with Each Score
Percentile by Number Answered
Your Score History
You have not taken this quiz since the last reset